Welcome to the Holygrace Academy Library

Please use search bar below to get started

EDAVAZHIYIL KUDUNGIYA JEEVITHANGAL (Record no. 1800)

MARC details
000 -LEADER
fixed length control field 00238nam a22001097a 4500
082 ## - DEWEY DECIMAL CLASSIFICATION NUMBER
Classification number 894.812
Item number THA/E
100 ## - MAIN ENTRY--AUTHOR NAME
Personal name THANKAPPAN,VAIKKOM
245 ## - TITLE STATEMENT
Title EDAVAZHIYIL KUDUNGIYA JEEVITHANGAL
300 ## - PHYSICAL DESCRIPTION
Number of Pages 79
650 ## - SUBJECT ADDED ENTRY--TOPICAL TERM
Topical Term STORY
Geographic subdivision KERALA
942 ## - ADDED ENTRY ELEMENTS (KOHA)
Koha item type Books
Holdings
Withdrawn status Lost status Collection code Home library Current library Shelving location Date acquired Source of acquisition Full call number Accession Number Koha item type Cost, normal purchase price
    Fiction Main Library Main Library SHELF-6C MALAYALAM SHORT STORIES 29/01/2019 PURCHASE 894.812 THA/E 10804 Books  
    Fiction Main Library Main Library SHELF-6C MALAYALAM SHORT STORIES 06/03/2014 PURCHASE 894.812 THA/E 07701 Books 20.00